| 000 | 00708nam a22002177a 4500 | ||
|---|---|---|---|
| 005 | 20100811144621.0 | ||
| 010 | _aENG-99463 | ||
| 020 |
_a9788185990873 _c450.00 |
||
| 035 | _aEN-82995 | ||
| 037 | _bDBAD/PUB | ||
| 082 | _a230 | ||
| 100 |
_aRam Swarup _911440 |
||
| 245 |
_aHinduism and monotheistic religions / _cby,Ram Swarup;foreword by David Frawley |
||
| 260 |
_aNew Delhi _bVoice of India _c2009 |
||
| 270 |
_a2/18,Ansari Road _bNew Delhi |
||
| 300 |
_a550p. _c24 (pbk) |
||
| 500 | _aIncludes index | ||
| 700 |
_aFrawley,David _911123 |
||
| 942 |
_2ddc _cEN _h230 _mSWA |
||
| 999 |
_c41051 _d41051 |
||